000 00307nam a2200145Ia 4500
100 _aTaylor /E.D..
942 _cRB
654 _anetworkings handbook
245 _aNetworking Handbook
260 _bTata Mc Graw hill
_c2000
082 _a4.65
_bTAY
300 _a879
546 _aENGLISH
999 _c23685
_d23685